00978nam a2200229 a 45000010005000000030005000050050017000100080041000270200015000680400026000832450154001092600047002633000019003104900050003295860123003796500066005026500027005686500053005956500055006487000025007037000020007282256CDMR20131203163637.0130130s2002||||||||||||||||||||||||||||d a8482550608 aCDMRbcatcCPC LLEIDA03aLa prensa por dentrob: producción informativa y transmisión de estereotipos de génerocJuana Gallego (directora) ; Elvira Altés ... [et al.] aBarcelonac2002bLos Libros de la Frontera a439 p ;c17 cm0 aComunicación (Los Libros de la Frontera)v1 aPrimer premi als XIII Premis d'Investigació sobre Comunicació de Masses del Consell Audiovisual de Catalunya, 200104aPaper segons el sexe en els mitjans de comunicació de massa04aDones en el periodisme04aSexisme en els mitjans de comunicació de massa04aMitjans de comunicació de massaxEstudi de casos1 aGallego Ayala, Juana1 aAltés, Elvira